[Event "Tradewise Gibraltar Masters 16th"]
[Site "Gibraltar"]
[Date "2018.01.28"]
[Round "6.3"]
[White "Gupta, Abhijeet"]
[Black "Vachier-Lagrave, Maxime"]
[Result "1/2-1/2"]
[WhiteElo "2610"]
[BlackElo "2793"]
[PlyCount "65"]
[EventDate "2018.01.23"]
[EventType "swiss"]
[EventRounds "10"]
[EventCountry "GGB"]
[SourceTitle "BritBase"]
[Source "www.saund.co.uk"]
[SourceDate "2018.02.10"]
[SourceVersion "1"]
[SourceVersionDate "2018.02.10"]
[SourceQuality "1"]

1. d4 Nf6 2. c4 g6 3. Nc3 d5 4. Nf3 Bg7 5. cxd5 Nxd5 6. e4 Nxc3 7. bxc3 c5 8.
Bb5+ Nc6 9. d5 Qa5 10. Rb1 Bxc3+ 11. Bd2 a6 12. Bxc6+ bxc6 13. dxc6 Be6 14. Rc1
Bxd2+ 15. Qxd2 Qb5 16. Qc3 O-O-O 17. c7 Kxc7 18. Nd4 Qb6 19. Nxe6+ Qxe6 20. O-O
Kb7 21. Qxc5 Ka8 22. h3 Rc8 23. Qa5 Rxc1 24. Rxc1 Rc8 25. Rxc8+ Qxc8 26. Qd5+
Qb7 27. Qxf7 Qb1+ 28. Kh2 Qxe4 29. Kg3 Qe5+ 30. f4 Qe1+ 31. Kh2 Qe3 32. Qc4 Kb7
33. Qb4+ 1/2-1/2

[Event "Tradewise Gibraltar Masters 16th"]
[Site "Gibraltar"]
[Date "2018.01.28"]
[Round "6.4"]
[White "Gledura, Benjamin"]
[Black "Navara, David"]
[Result "1/2-1/2"]
[WhiteElo "2612"]
[BlackElo "2749"]
[PlyCount "63"]
[EventDate "2018.01.23"]
[EventType "swiss"]
[EventRounds "10"]
[EventCountry "GGB"]
[SourceTitle "BritBase"]
[Source "www.saund.co.uk"]
[SourceDate "2018.02.10"]
[SourceVersion "1"]
[SourceVersionDate "2018.02.10"]
[SourceQuality "1"]

1. Nf3 c5 2. c4 Nc6 3. Nc3 g6 4. e3 Nf6 5. d4 cxd4 6. exd4 d5 7. cxd5 Nxd5 8.
Qb3 e6 9. Bb5 Bg7 10. Bxc6+ bxc6 11. O-O O-O 12. Na4 Qd6 13. a3 Ba6 14. Re1 Nb6
15. Nc5 Bc4 16. Qc2 Bd5 17. Ne5 a5 18. Bf4 Qe7 19. b3 Rfe8 20. Rac1 Nc8 21. Qd2
Nd6 22. Na4 Ra6 23. Nc5 Raa8 24. Na4 Ra6 25. Nc5 Ra7 26. f3 Nb7 27. Re3 Nxc5
28. Rxc5 Qb7 29. Rec3 Ra6 30. Bh6 Bh8 31. h4 Rb6 32. Qf4 1/2-1/2

[Event "Tradewise Gibraltar Masters 16th"]
[Site "Gibraltar"]
[Date "2018.01.28"]
[Round "6.5"]
[White "Vitiugov, Nikita"]
[Black "Vocaturo, Daniele"]
[Result "1/2-1/2"]
[WhiteElo "2732"]
[BlackElo "2609"]
[PlyCount "72"]
[EventDate "2018.01.23"]
[EventType "swiss"]
[EventRounds "10"]
[EventCountry "GGB"]
[SourceTitle "BritBase"]
[Source "www.saund.co.uk"]
[SourceDate "2018.02.10"]
[SourceVersion "1"]
[SourceVersionDate "2018.02.10"]
[SourceQuality "1"]

1. d4 Nf6 2. c4 e6 3. Nf3 d5 4. Nc3 Bb4 5. cxd5 exd5 6. Bg5 O-O 7. e3 h6 8. Bh4
Bf5 9. Qb3 Bxc3+ 10. bxc3 Nbd7 11. Be2 c5 12. dxc5 g5 13. Nd4 Bg6 14. c6 bxc6
15. Nxc6 Qe8 16. Bg3 Nc5 17. Qb5 Nfe4 18. Nd4 Rc8 19. Qxe8 Rfxe8 20. Rc1 h5 21.
f3 Nxg3 22. hxg3 Rxe3 23. Kf2 Re7 24. Nb3 Bd3 25. Bd1 Bg6 26. Nxc5 Rxc5 27. Bb3
f6 28. Rhe1 Rec7 29. Re6 Kg7 30. Rd6 Bf7 31. Ke2 d4 32. Rxd4 Bxb3 33. axb3 Rxc3
34. Rxc3 Rxc3 35. Rd7+ Kg6 36. Rxa7 Rxb3 1/2-1/2

[Event "Tradewise Gibraltar Masters 16th"]
[Site "Gibraltar"]
[Date "2018.01.28"]
[Round "6.6"]
[White "Sandipan, Chanda"]
[Black "Ivanchuk, Vassily"]
[Result "1-0"]
[WhiteElo "2579"]
[BlackElo "2726"]
[PlyCount "45"]
[EventDate "2018.01.23"]
[EventType "swiss"]
[EventRounds "10"]
[EventCountry "GGB"]
[SourceTitle "BritBase"]
[Source "www.saund.co.uk"]
[SourceDate "2018.02.10"]
[SourceVersion "1"]
[SourceVersionDate "2018.02.10"]
[SourceQuality "1"]

1. d4 Nf6 2. c4 e6 3. Nc3 Bb4 4. e3 c5 5. Nge2 cxd4 6. exd4 d5 7. c5 Ne4 8. Bd2
Nxd2 9. Qxd2 a5 10. a3 Bxc3 11. Nxc3 a4 12. Nxa4 Rxa4 13. Bb5+ Bd7 14. Bxa4
Bxa4 15. Qb4 Qd7 16. O-O Qb5 17. b3 Qxb4 18. axb4 Bb5 19. Ra7 Bxf1 20. Rxb7 Nc6
21. Kxf1 O-O 22. b5 Na5 23. Rc7 1-0

[Event "Tradewise Gibraltar Masters 16th"]
[Site "Gibraltar"]
[Date "2018.01.28"]
[Round "6.7"]
[White "Narayanan, SL."]
[Black "Wang, Hao"]
[Result "0-1"]
[WhiteElo "2573"]
[BlackElo "2711"]
[PlyCount "112"]
[EventDate "2018.01.23"]
[EventType "swiss"]
[EventRounds "10"]
[EventCountry "GGB"]
[SourceTitle "BritBase"]
[Source "www.saund.co.uk"]
[SourceDate "2018.02.10"]
[SourceVersion "1"]
[SourceVersionDate "2018.02.10"]
[SourceQuality "1"]

1. d4 Nf6 2. c4 e6 3. Nf3 d5 4. Nc3 Nbd7 5. cxd5 exd5 6. Bf4 c6 7. e3 Nh5 8.
Bg5 Be7 9. Bxe7 Qxe7 10. Qc2 Nb6 11. h3 g6 12. O-O-O Bf5 13. Qb3 Nf6 14. Ne5
Ne4 15. Nxe4 dxe4 16. Kb1 Be6 17. Qc2 Bd5 18. f3 exf3 19. e4 fxg2 20. Bxg2 Be6
21. h4 Qc7 22. h5 O-O-O 23. Qf2 Rhe8 24. Rc1 Kb8 25. Bh3 f5 26. hxg6 hxg6 27.
Bg2 Qd6 28. Rcd1 Nd7 29. Nxg6 fxe4 30. Qf4 Qxf4 31. Nxf4 Bg4 32. Rde1 Nf6 33.
Rh6 Nd5 34. Nxd5 cxd5 35. Bh3 Bf3 36. Kc2 Re7 37. Kd2 Rc7 38. Rg1 Rc4 39. Ke3
Rc2 40. Be6 Rf8 41. Re1 Rxb2 42. Rh7 Rd8 43. Rg1 Rf8 44. Rf7 Rxf7 45. Bxf7 Rxa2
46. Bxd5 Rg2 47. Rb1 Re2+ 48. Kf4 b6 49. Rc1 Bg2 50. Bc4 Rf2+ 51. Ke3 Rf3+ 52.
Kd2 Ra3 53. d5 Ra5 54. d6 Rc5 55. Ke3 Bh3 56. Kxe4 Be6 0-1

[Event "Tradewise Gibraltar Masters 16th"]
[Site "Gibraltar"]
[Date "2018.01.28"]
[Round "6.8"]
[White "Henderson De La Fuente, Lance"]
[Black "Rapport, Richard"]
[Result "1/2-1/2"]
[WhiteElo "2429"]
[BlackElo "2700"]
[PlyCount "87"]
[EventDate "2018.01.23"]
[EventType "swiss"]
[EventRounds "10"]
[EventCountry "GGB"]
[SourceTitle "BritBase"]
[Source "www.saund.co.uk"]
[SourceDate "2018.02.10"]
[SourceVersion "1"]
[SourceVersionDate "2018.02.10"]
[SourceQuality "1"]

1. e4 e5 2. Nf3 Nc6 3. Bb5 a6 4. Ba4 Nge7 5. c3 d6 6. d4 Bd7 7. O-O Ng6 8. Be3
Be7 9. Nbd2 O-O 10. Re1 b5 11. Bc2 exd4 12. Nxd4 Rb8 13. Nxc6 Bxc6 14. Nf3 Re8
15. Qd2 Bf6 16. Ba7 Rb7 17. Bd4 a5 18. Rad1 a4 19. Bxf6 Qxf6 20. Qd4 Qf4 21. c4
bxc4 22. Qxc4 Bb5 23. Qc3 Ne5 24. Nxe5 Qxe5 25. Re3 Bd7 26. Qxe5 Rxe5 27. Rc3
g5 28. f3 Rxb2 29. Rxc7 Bb5 30. Rxd6 Rxa2 31. Rd8+ Kg7 32. Ra8 Re6 33. h3 Rc6
34. Rb7 Ba6 35. Rxa6 Rxa6 36. Bd3 Rc6 37. e5 h5 38. Be4 Rc1+ 39. Kh2 h4 40. Bd5
Raa1 41. Rxf7+ Kg8 42. Rf6+ Kh8 43. Rf8+ Kh7 44. Rf7+ 1/2-1/2

[Event "Tradewise Gibraltar Masters 16th"]
[Site "Gibraltar"]
[Date "2018.01.28"]
[Round "6.9"]
[White "Cheparinov, Ivan"]
[Black "Ju, Wenjun"]
[Result "1/2-1/2"]
[WhiteElo "2699"]
[BlackElo "2572"]
[PlyCount "63"]
[EventDate "2018.01.23"]
[EventType "swiss"]
[EventRounds "10"]
[EventCountry "GGB"]
[SourceTitle "BritBase"]
[Source "www.saund.co.uk"]
[SourceDate "2018.02.10"]
[SourceVersion "1"]
[SourceVersionDate "2018.02.10"]
[SourceQuality "1"]

1. e4 e5 2. Nf3 Nf6 3. Nxe5 d6 4. Nf3 Nxe4 5. Nc3 Nxc3 6. dxc3 Be7 7. Be3 Nc6
8. Bd3 Be6 9. Qe2 Qd7 10. O-O-O O-O 11. Kb1 Rae8 12. h3 Bd8 13. Rhe1 a6 14. Qf1
Kh8 15. Nd4 Nxd4 16. Bxd4 Bf5 17. c4 Kg8 18. a3 Bxd3 19. Rxd3 f5 20. Rg3 g6 21.
Rge3 Rxe3 22. Rxe3 Re8 23. Qd3 Rxe3 24. Bxe3 Qe6 25. Qb3 Kf7 26. a4 b6 27. Qd3
Ke8 28. Qd5 Kd7 29. c3 Qxd5 30. cxd5 c6 31. c4 c5 32. Kc2 1/2-1/2

[Event "Tradewise Gibraltar Masters 16th"]
[Site "Gibraltar"]
[Date "2018.01.28"]
[Round "6.10"]
[White "Dubov, Daniil"]
[Black "Moussard, Jules"]
[Result "1/2-1/2"]
[WhiteElo "2694"]
[BlackElo "2571"]
[PlyCount "125"]
[EventDate "2018.01.23"]
[EventType "swiss"]
[EventRounds "10"]
[EventCountry "GGB"]
[SourceTitle "BritBase"]
[Source "www.saund.co.uk"]
[SourceDate "2018.02.10"]
[SourceVersion "1"]
[SourceVersionDate "2018.02.10"]
[SourceQuality "1"]

1. Nf3 Nf6 2. d4 g6 3. Nbd2 Bg7 4. e4 d6 5. Bb5+ c6 6. Bd3 Qc7 7. O-O O-O 8.
Re1 e5 9. dxe5 dxe5 10. a4 Nh5 11. b3 Nf4 12. Bf1 Rd8 13. Bb2 Bg4 14. Qb1 Ne6
15. h3 Bxf3 16. Nxf3 Nd4 17. Nh2 a5 18. Bc1 b5 19. Bg5 Rd6 20. c3 Ne6 21. Be3
Na6 22. axb5 cxb5 23. Rc1 Rc6 24. b4 Rxc3 25. Rxa5 Rxc1 26. Bxc1 Qd6 27. Ba3
Rb8 28. Rxb5 Rxb5 29. Bxb5 Bf8 30. Ng4 Nac7 31. Bc4 h5 32. Ne3 Nd4 33. Qd3 Qb6
34. Ba2 Qa6 35. Bc4 Qa4 36. Kh2 Ncb5 37. Bc1 Qxb4 38. Nd5 Qe1 39. Nf6+ Kh8 40.
Be3 Qb4 41. Bxf7 Qe7 42. Bc4 Qxf6 43. Bxb5 Kh7 44. Bc4 Bh6 45. Kg1 h4 46. Bd5
Bf4 47. Qc4 Kh6 48. Bf7 Kg7 49. Be8 Bxe3 50. fxe3 Ne6 51. Qd5 Ng5 52. Qd7+ Kf8
53. Qc8 Kg7 54. Bc6 Kh6 55. Bd5 Kg7 56. Qg4 Nh7 57. Bc4 Qg5 58. Qf3 Qf6 59. Qd1
Qg5 60. Qd7+ Kh6 61. Qa7 Qg3 62. Qa3 Nf6 63. Bd5 1/2-1/2

[Event "Tradewise Gibraltar Masters 16th"]
[Site "Gibraltar"]
[Date "2018.01.28"]
[Round "6.11"]
[White "Saric, Ivan"]
[Black "Batsiashvili, Nino"]
[Result "1-0"]
[WhiteElo "2664"]
[BlackElo "2504"]
[PlyCount "43"]
[EventDate "2018.01.23"]
[EventType "swiss"]
[EventRounds "10"]
[EventCountry "GGB"]
[SourceTitle "BritBase"]
[Source "www.saund.co.uk"]
[SourceDate "2018.02.10"]
[SourceVersion "1"]
[SourceVersionDate "2018.02.10"]
[SourceQuality "1"]

1. e4 e5 2. Nf3 Nc6 3. Bb5 a6 4. Ba4 d6 5. O-O Bd7 6. c4 Nf6 7. Nc3 Bg4 8. h3
Bxf3 9. Qxf3 Nd7 10. Qg3 Nd4 11. f4 c6 12. d3 Qb6 13. Be3 O-O-O 14. Rab1 Nc5
15. b4 Nxd3 16. fxe5 dxe5 17. Rxf7 h5 18. Kh1 Bxb4 19. a3 a5 20. axb4 axb4 21.
Bc2 Nf4 22. Ra1 1-0

[Event "Tradewise Gibraltar Masters 16th"]
[Site "Gibraltar"]
[Date "2018.01.28"]
[Round "6.12"]
[White "Gagare, Shardul"]
[Black "Aronian, Levon"]
[Result "0-1"]
[WhiteElo "2494"]
[BlackElo "2797"]
[PlyCount "94"]
[EventDate "2018.01.23"]
[EventType "swiss"]
[EventRounds "10"]
[EventCountry "GGB"]
[SourceTitle "BritBase"]
[Source "www.saund.co.uk"]
[SourceDate "2018.02.10"]
[SourceVersion "1"]
[SourceVersionDate "2018.02.10"]
[SourceQuality "1"]

1. d4 Nf6 2. c4 e6 3. Nf3 Bb4+ 4. Nbd2 O-O 5. a3 Be7 6. e4 d6 7. Qc2 Nfd7 8.
Be2 e5 9. b3 exd4 10. Nxd4 Ne5 11. f4 Nbc6 12. Nxc6 Nxc6 13. Nf3 Bf6 14. Ra2
Nd4 15. Qd3 Ne6 16. Be3 b6 17. O-O Bb7 18. Qb1 Nc5 19. e5 dxe5 20. fxe5 Be7 21.
Rd2 Qe8 22. Rd5 f5 23. b4 Ne6 24. Rfd1 Qg6 25. Qb3 Rae8 26. Kh1 Kh8 27. Qd3 h6
28. Bf1 Bg5 29. Qd2 Re7 30. Qf2 Bxe3 31. Qxe3 Bxd5 32. cxd5 Ng5 33. Nxg5 Qxg5
34. Qxg5 hxg5 35. d6 Rxe5 36. d7 Rd8 37. Kg1 c6 38. Ba6 Rd5 39. Rc1 R8xd7 40.
Rxc6 Kh7 41. h3 g6 42. a4 Rd4 43. Bc4 g4 44. hxg4 Rxg4 45. a5 Rd2 46. Bf1 Rd1
47. Rc7+ Kh6 0-1

[Event "Tradewise Gibraltar Masters 16th"]
[Site "Gibraltar"]
[Date "2018.01.28"]
[Round "6.13"]
[White "Le, Quang Liem"]
[Black "Lei, Tingjie"]
[Result "1/2-1/2"]
[WhiteElo "2737"]
[BlackElo "2531"]
[PlyCount "60"]
[EventDate "2018.01.23"]
[EventType "swiss"]
[EventRounds "10"]
[EventCountry "GGB"]
[SourceTitle "BritBase"]
[Source "www.saund.co.uk"]
[SourceDate "2018.02.10"]
[SourceVersion "1"]
[SourceVersionDate "2018.02.10"]
[SourceQuality "1"]

1. c4 e6 2. Nc3 d5 3. d4 Nf6 4. cxd5 Nxd5 5. e4 Nxc3 6. bxc3 c5 7. Rb1 Be7 8.
Nf3 O-O 9. Bc4 a6 10. a4 Qc7 11. Be2 cxd4 12. cxd4 b6 13. O-O Bb7 14. Qd3 Nd7
15. Be3 Qc6 16. Nd2 Qxa4 17. Ra1 Qc6 18. Rfc1 Qd6 19. Nc4 Qb8 20. d5 exd5 21.
exd5 Bf6 22. Rab1 Ne5 23. Nxe5 Qxe5 24. Rxb6 Qxd5 25. Qxd5 Bxd5 26. Rxa6 Rxa6
27. Bxa6 Ra8 28. h3 h6 29. Bc4 Bxc4 30. Rxc4 Ra1+ 1/2-1/2

[Event "Tradewise Gibraltar Masters 16th"]
[Site "Gibraltar"]
[Date "2018.01.28"]
[Round "6.14"]
[White "Antal, Gergely"]
[Black "Duda, Jan-Krzysztof"]
[Result "0-1"]
[WhiteElo "2522"]
[BlackElo "2724"]
[PlyCount "62"]
[EventDate "2018.01.23"]
[EventType "swiss"]
[EventRounds "10"]
[EventCountry "GGB"]
[SourceTitle "BritBase"]
[Source "www.saund.co.uk"]
[SourceDate "2018.02.10"]
[SourceVersion "1"]
[SourceVersionDate "2018.02.10"]
[SourceQuality "1"]

1. e4 c5 2. Nf3 Nf6 3. Nc3 d6 4. d4 cxd4 5. Nxd4 a6 6. h4 Nc6 7. Be3 Ng4 8.
Nxc6 bxc6 9. Bd2 h5 10. f3 Ne5 11. Na4 Qc7 12. Bc3 Rb8 13. b3 c5 14. Bxe5 dxe5
15. Qd2 c4 16. Bxc4 e6 17. c3 Ba3 18. Rd1 O-O 19. g4 hxg4 20. Rg1 f5 21. exf5
gxf3 22. Qg5 e4 23. Rd7 f2+ 24. Kxf2 Rxf5+ 25. Qxf5 Bxd7 26. Ke1 Rf8 27. Bxe6+
Bxe6 28. Qxe6+ Rf7 29. Rg4 Qh2 30. Rxe4 Bc1 31. Qd5 Qg1+ 0-1

[Event "Tradewise Gibraltar Masters 16th"]
[Site "Gibraltar"]
[Date "2018.01.28"]
[Round "6.17"]
[White "Short, Nigel D"]
[Black "Zanan, Evgeny"]
[Result "1-0"]
[WhiteElo "2681"]
[BlackElo "2482"]
[PlyCount "81"]
[EventDate "2018.01.23"]
[EventType "swiss"]
[EventRounds "10"]
[EventCountry "GGB"]
[SourceTitle "BritBase"]
[Source "www.saund.co.uk"]
[SourceDate "2018.02.10"]
[SourceVersion "1"]
[SourceVersionDate "2018.02.10"]
[SourceQuality "1"]

1. e4 e5 2. Nf3 Nc6 3. Bb5 a6 4. Ba4 Nf6 5. O-O Be7 6. Re1 b5 7. Bb3 d6 8. c3
O-O 9. a4 b4 10. a5 Rb8 11. Bc4 Bb7 12. Qe2 Qc8 13. d4 bxc3 14. bxc3 exd4 15.
cxd4 Nb4 16. Nc3 c5 17. Bf4 Qg4 18. Qd2 Nh5 19. Be3 Rbd8 20. h3 Qc8 21. d5 Qc7
22. Na2 Nxa2 23. Rxa2 f5 24. Bg5 fxe4 25. Rxe4 Nf6 26. Re1 Rde8 27. Qd3 Bd8 28.
Rb1 Qf7 29. Bxf6 Bxf6 30. Rb6 Qe7 31. Bxa6 Bxa6 32. Rxa6 Bd4 33. Rb6 Rf4 34.
Rb1 c4 35. Qd2 Qf6 36. Re1 Rfe4 37. Rxe4 Rxe4 38. Nxd4 Rxd4 39. Qe2 c3 40. a6
Rd2 41. a7 1-0

[Event "Tradewise Gibraltar Masters 16th"]
[Site "Gibraltar"]
[Date "2018.01.28"]
[Round "6.18"]
[White "Steinberg, Nitzan"]
[Black "Motylev, Alexander"]
[Result "1/2-1/2"]
[WhiteElo "2512"]
[BlackElo "2673"]
[PlyCount "110"]
[EventDate "2018.01.23"]
[EventType "swiss"]
[EventRounds "10"]
[EventCountry "GGB"]
[SourceTitle "BritBase"]
[Source "www.saund.co.uk"]
[SourceDate "2018.02.10"]
[SourceVersion "1"]
[SourceVersionDate "2018.02.10"]
[SourceQuality "1"]

1. e4 e5 2. Nf3 Nc6 3. Bb5 Nf6 4. d3 Bc5 5. Bxc6 dxc6 6. h3 O-O 7. Nbd2 Re8 8.
Nc4 Nd7 9. Qe2 a5 10. Bd2 a4 11. a3 Bf8 12. g4 b5 13. Ne3 c5 14. h4 Nb8 15. h5
Nc6 16. g5 Be6 17. g6 fxg6 18. hxg6 h6 19. Qf1 b4 20. Qg2 b3 21. O-O-O bxc2 22.
Rdg1 c4 23. dxc4 Rb8 24. Nd5 Rxb2 25. Kxb2 Bxd5 26. exd5 Qb8+ 27. Bb4 Nxb4 28.
Nd2 Nc6+ 29. Kxc2 Nd4+ 30. Kc3 Ne2+ 31. Kc2 Nd4+ 32. Kc3 Bxa3 33. Rb1 Qa7 34.
d6 c6 35. Ne4 Rf8 36. Rh3 Ne6 37. Kc2 Nf4 38. Qh1 Bxd6 39. Rd1 a3 40. Nxd6 Nxh3
41. Qxh3 Qxf2+ 42. Rd2 Qf6 43. Qxa3 Qxg6+ 44. Qd3 Qe6 45. Qe4 Qd7 46. Qxe5 Qa7
47. Qc3 Rb8 48. c5 Qa4+ 49. Kc1 Rb3 50. Qc4+ Qxc4+ 51. Nxc4 Rb5 52. Rd8+ Kh7
53. Kc2 Rxc5 54. Kd3 h5 55. Kd4 Rd5+ 1/2-1/2

[Event "Tradewise Gibraltar Masters 16th"]
[Site "Gibraltar"]
[Date "2018.01.28"]
[Round "6.19"]
[White "Kollars, Dmitrij"]
[Black "Sutovsky, Emil"]
[Result "0-1"]
[WhiteElo "2505"]
[BlackElo "2673"]
[PlyCount "118"]
[EventDate "2018.01.23"]
[EventType "swiss"]
[EventRounds "10"]
[EventCountry "GGB"]
[SourceTitle "BritBase"]
[Source "www.saund.co.uk"]
[SourceDate "2018.02.10"]
[SourceVersion "1"]
[SourceVersionDate "2018.02.10"]
[SourceQuality "1"]

1. e4 e5 2. Nf3 Nc6 3. Bb5 a6 4. Ba4 Nf6 5. O-O Nxe4 6. d4 b5 7. Bb3 d5 8. dxe5
Be6 9. Qe2 Nc5 10. Rd1 Nxb3 11. axb3 Be7 12. c4 O-O 13. cxd5 Bxd5 14. Bf4 Bxf3
15. Qxf3 Nd4 16. Qe4 c5 17. Nc3 f5 18. Qb7 Bg5 19. e6 Qe7 20. Qxe7 Bxe7 21. Nd5
Rfe8 22. Rxd4 cxd4 23. Nc7 Red8 24. Nxa8 Rxa8 25. Kf1 d3 26. Ke1 a5 27. Kd2 Rd8
28. Be5 Rd5 29. f4 Kf8 30. Rc1 Bb4+ 31. Kd1 Ke7 32. Rc6 g5 33. g3 d2 34. Bc3
gxf4 35. gxf4 h5 36. h4 Bd6 37. Bxa5 Bxf4 38. Bb4+ Bd6 39. Bxd6+ Rxd6 40. Rc5
Kxe6 41. Rxb5 Rd8 42. Rb6+ Ke5 43. Rh6 f4 44. Rxh5+ Ke4 45. Rh7 f3 46. Re7+ Kd3
47. Rf7 Ke3 48. Re7+ Kd3 49. Rf7 Ke3 50. Re7+ Kf4 51. Rf7+ Kg3 52. h5 f2 53. h6
Kg2 54. Rg7+ Kf3 55. Rf7+ Ke3 56. Re7+ Kd3 57. Rf7 Re8 58. Rd7+ Ke3 59. Rf7
f1=Q+ 0-1

[Event "Tradewise Gibraltar Masters 16th"]
[Site "Gibraltar"]
[Date "2018.01.28"]
[Round "6.20"]
[White "Debashis, Das"]
[Black "Akobian, Varuzhan"]
[Result "1/2-1/2"]
[WhiteElo "2501"]
[BlackElo "2647"]
[PlyCount "175"]
[EventDate "2018.01.23"]
[EventType "swiss"]
[EventRounds "10"]
[EventCountry "GGB"]
[SourceTitle "BritBase"]
[Source "www.saund.co.uk"]
[SourceDate "2018.02.10"]
[SourceVersion "1"]
[SourceVersionDate "2018.02.10"]
[SourceQuality "1"]

1. d4 Nf6 2. c4 e6 3. Nc3 Bb4 4. e3 O-O 5. Bd3 d5 6. Nf3 dxc4 7. Bxc4 c5 8. O-O
cxd4 9. exd4 b6 10. Bg5 Bb7 11. Qe2 Bxc3 12. bxc3 Nbd7 13. Ba6 Qc8 14. Bxb7
Qxb7 15. c4 Rfc8 16. Rfc1 Qe4 17. Kf1 Qf5 18. a4 Ne4 19. Be3 Nd6 20. a5 Qe4 21.
axb6 axb6 22. Rxa8 Qxa8 23. Bf4 Nf5 24. Qd3 Qa4 25. h3 h6 26. Kg1 Ne7 27. Bd6
Nd5 28. Qf1 Qc6 29. Ba3 Nf4 30. Nd2 Ra8 31. Rc3 b5 32. Rf3 bxc4 33. Rxf4 c3 34.
Bc1 cxd2 35. Bxd2 Qc2 36. Be3 Nf6 37. Rf3 Rb8 38. Kh2 Nd5 39. Qc1 Qxc1 40. Bxc1
Rb1 41. Be3 Rb2 42. Kg1 Rb1+ 43. Kh2 f6 44. g4 Kf7 45. h4 Ke7 46. Kg2 Rd1 47.
Rh3 Re1 48. Kf3 Rg1 49. Bd2 Kd6 50. Rg3 Rh1 51. h5 Ra1 52. Ke2 Ra4 53. Be3 Ra2+
54. Kf3 Ra1 55. Ke2 Ra2+ 56. Kf3 Ra1 57. Ke2 Ke7 58. Bd2 Ra4 59. Rd3 Kf7 60.
Kf3 Ra2 61. Be3 f5 62. gxf5 exf5 63. Rb3 Ke6 64. Rb7 Ra3 65. Rxg7 f4 66. Rg6+
Kf5 67. Rd6 Nxe3 68. fxe3 Rxe3+ 69. Kf2 Kg5 70. d5 Kxh5 71. Rd8 Kh4 72. d6 Rd3
73. d7 h5 74. Ke2 Rd6 75. Kf3 Rd4 76. Kg2 Rd3 77. Rf8 Rd2+ 78. Kg1 Rxd7 79.
Rxf4+ Kg3 80. Rf1 h4 81. Ra1 Rd3 82. Kh1 h3 83. Rg1+ Kh4 84. Rg8 Rd1+ 85. Kh2
Rd2+ 86. Kh1 Rg2 87. Rxg2 hxg2+ 88. Kxg2 1/2-1/2

[Event "Tradewise Gibraltar Masters 16th"]
[Site "Gibraltar"]
[Date "2018.01.28"]
[Round "6.21"]
[White "Paehtz, Elisabeth"]
[Black "Grandelius, Nils"]
[Result "0-1"]
[WhiteElo "2464"]
[BlackElo "2647"]
[PlyCount "94"]
[EventDate "2018.01.23"]
[EventType "swiss"]
[EventRounds "10"]
[EventCountry "GGB"]
[SourceTitle "BritBase"]
[Source "www.saund.co.uk"]
[SourceDate "2018.02.10"]
[SourceVersion "1"]
[SourceVersionDate "2018.02.10"]
[SourceQuality "1"]

1. e4 c6 2. d4 d5 3. Nc3 dxe4 4. Nxe4 Nf6 5. Nxf6+ exf6 6. c3 Bd6 7. Bd3 O-O 8.
Ne2 Re8 9. Qc2 h5 10. Be3 Nd7 11. Ng3 Nb6 12. O-O-O h4 13. Ne4 Nd5 14. Rde1 Nf4
15. Bxf4 Bxf4+ 16. Kb1 f5 17. Nc5 b6 18. Rxe8+ Qxe8 19. Nb3 Qe6 20. g3 Bd6 21.
Qd1 Bd7 22. Re1 Qf6 23. Qf3 Rd8 24. gxh4 Qxh4 25. Nd2 Qf4 26. Qxf4 Bxf4 27. Nf3
g6 28. Bc4 Re8 29. Ne5 Kg7 30. Re2 Bxe5 31. Rxe5 Rxe5 32. dxe5 Be6 33. Be2 g5
34. Kc2 Kg6 35. b4 f4 36. Bd3+ Kh5 37. Be4 c5 38. a3 Kg4 39. bxc5 bxc5 40. Bg2
Bc4 41. h3+ Kf5 42. Kd2 Kxe5 43. Kc2 Kf5 44. Kd2 Kg6 45. Bf3 Bf1 46. Kc2 Bxh3
47. Kd3 g4 0-1

[Event "Tradewise Gibraltar Masters 16th"]
[Site "Gibraltar"]
[Date "2018.01.28"]
[Round "6.22"]
[White "Oparin, Grigoriy"]
[Black "Kobo, Ori"]
[Result "1-0"]
[WhiteElo "2607"]
[BlackElo "2477"]
[PlyCount "115"]
[EventDate "2018.01.23"]
[EventType "swiss"]
[EventRounds "10"]
[EventCountry "GGB"]
[SourceTitle "BritBase"]
[Source "www.saund.co.uk"]
[SourceDate "2018.02.10"]
[SourceVersion "1"]
[SourceVersionDate "2018.02.10"]
[SourceQuality "1"]

1. Nf3 d5 2. g3 g6 3. Bg2 Bg7 4. d4 Nd7 5. O-O Ngf6 6. a4 a5 7. b3 O-O 8. Bb2
b6 9. c4 Bb7 10. e3 e6 11. Qe2 c5 12. Na3 Qe7 13. Nb5 Rfd8 14. Rfd1 Rac8 15.
Rac1 Ne4 16. Ne5 Nb8 17. cxd5 Bxd5 18. Nc4 Bxc4 19. bxc4 Nd6 20. dxc5 bxc5 21.
Bxg7 Kxg7 22. Qe1 Nxb5 23. axb5 Qc7 24. Rxd8 Rxd8 25. Ra1 Nd7 26. Rxa5 Ne5 27.
Ra3 Kh6 28. Qe2 Rd6 29. f4 Nd7 30. Rd3 Nb6 31. Rxd6 Qxd6 32. Bf1 e5 33. Kf2 f6
34. Qc2 exf4 35. gxf4 f5 36. Qc3 Nd7 37. Be2 Qe7 38. Bf3 Nb6 39. Be2 Nd7 40.
Qd3 Nb6 41. Qa3 Qh4+ 42. Kg2 Qe7 43. Qc3 Nd7 44. Kg3 Qd6 45. h4 Qe6 46. Bf3 Qd6
47. Bd5 Qe7 48. Bc6 Qd6 49. Bxd7 Qxd7 50. Qc2 Qe7 51. Qd3 Qa7 52. e4 fxe4 53.
Qxe4 Qa3+ 54. Qf3 Qb4 55. f5 Qe1+ 56. Kh3 gxf5 57. Qf4+ Kg7 58. Qg3+ 1-0

[Event "Tradewise Gibraltar Masters 16th"]
[Site "Gibraltar"]
[Date "2018.01.28"]
[Round "6.23"]
[White "Bindrich, Falko"]
[Black "Dragnev, Valentin"]
[Result "1/2-1/2"]
[WhiteElo "2605"]
[BlackElo "2466"]
[PlyCount "116"]
[EventDate "2018.01.23"]
[EventType "swiss"]
[EventRounds "10"]
[EventCountry "GGB"]
[SourceTitle "BritBase"]
[Source "www.saund.co.uk"]
[SourceDate "2018.02.10"]
[SourceVersion "1"]
[SourceVersionDate "2018.02.10"]
[SourceQuality "1"]

1. c4 e6 2. Nc3 d5 3. d4 Nf6 4. cxd5 Nxd5 5. e4 Nxc3 6. bxc3 c5 7. Rb1 Be7 8.
Nf3 O-O 9. Bc4 a6 10. O-O b5 11. Bd3 Bb7 12. Bf4 cxd4 13. cxd4 Nc6 14. d5 Nb4
15. Nd4 exd5 16. e5 g6 17. Re1 Re8 18. e6 Nxd3 19. Qxd3 Bf6 20. Re3 fxe6 21.
Rbe1 Qd7 22. Be5 Rf8 23. Bxf6 Rxf6 24. Nxe6 d4 25. Re5 Qc6 26. f3 Qc3 27. Qxd4
Qxd4+ 28. Nxd4 Rd6 29. Ne6 Re8 30. a3 Rd5 31. R5e3 a5 32. Nf4 Rxe3 33. Rxe3 Rd4
34. Re8+ Kf7 35. Rb8 Bc6 36. Rb6 Bd7 37. g3 g5 38. Nh5 Rd3 39. Nf6 Bf5 40. g4
Bg6 41. Ne4 Bxe4 42. fxe4 Rb3 43. Kf2 Ke7 44. e5 Kd7 45. Ke2 a4 46. Kd2 Ke7 47.
Kc2 Rxa3 48. Rxb5 Rf3 49. Ra5 a3 50. Ra7+ Ke6 51. Rxh7 Rf2+ 52. Kb1 Kxe5 53. h4
Rh2 54. Rh5 a2+ 55. Ka1 Rxh4 56. Rxg5+ Kf4 57. Ra5 Rh1+ 58. Kxa2 Kxg4 1/2-1/2